Une définition pour un bout de mot : pays (click quiz) - Statistiques

Statistiques générales
  • Ce quiz a été pris 56 fois
  • Le résultat moyen est 6 sur 8
Statistiques - réponses
Hint Réponse % Correct
Thune Argentine
96%
Rien (en espagnol) Canada
86%
Récipient Bolivie
84%
Très mince ou effilé Finlande
84%
Débit de boissons Barbade
78%
Fait de donner Indonésie
76%
Relative au mouton Bosnie-Herzégovine
45%
Bassin de balnéothérpie Espagne
43%
Aucun quiz correspondant
Distribution des résultats
% des personnes avec chaque résultat
Percentile par nombre de réponses
Votre historique - résultats
Vous n’avez pas pris ce quiz